British Woodlands 2012: (Record no. 121756)

MARC details
000 -LEADER
fixed length control field 01135cam a2200301 4500
008 - FIXED-LENGTH DATA ELEMENTS--GENERAL INFORMATION
fixed length control field 040913t2012 000 0 eng u
041 ## - LANGUAGE CODE
Language code of text/sound track or separate title eng
110 2# - MAIN ENTRY--CORPORATE NAME
Corporate name or jurisdiction name as entry element Royal Institution of Chartered Surveyors
9 (RLIN) 4900
245 00 - TITLE STATEMENT
Title British Woodlands 2012:
Remainder of title a national survey of woodland owners
Medium [electronic resource]
260 ## - PUBLICATION, DISTRIBUTION, ETC.
Place of publication, distribution, etc. London
Name of publisher, distributor, etc. RICS
Date of publication, distribution, etc. August 2013
300 ## - PHYSICAL DESCRIPTION
Extent 50p.
490 #0 - SERIES STATEMENT
Series statement RICS Research
520 ## - SUMMARY, ETC.
Summary, etc. A report for The Royal Institution of Chartered Surveyors Research Trust of a survey undertaken by the Sylva Foundation in conjunction with Cambridge University Department of Land Economy
650 24 - SUBJECT ADDED ENTRY--TOPICAL TERM
Topical term or geographic name entry element WOODLANDS
651 #4 - SUBJECT ADDED ENTRY--GEOGRAPHIC NAME
Geographic name Australia
690 ## - LOCAL SUBJECT ADDED ENTRY--TOPICAL TERM (OCLC, RLIN)
Topical term or geographic name as entry element Land use
9 (RLIN) 6251
700 1# - ADDED ENTRY--PERSONAL NAME
Personal name Nicholls, Derek
700 1# - ADDED ENTRY--PERSONAL NAME
Personal name Hemery, Gabriel
700 1# - ADDED ENTRY--PERSONAL NAME
Personal name Petrokofsky, Gillian
700 1# - ADDED ENTRY--PERSONAL NAME
Personal name Yeomans, Alistair
700 1# - ADDED ENTRY--PERSONAL NAME
Personal name Young, Mary
700 1# - ADDED ENTRY--PERSONAL NAME
Personal name Eriksson, Clare
700 1# - ADDED ENTRY--PERSONAL NAME
Personal name Rowlands, James
700 1# - ADDED ENTRY--PERSONAL NAME
Personal name Johal, Amanprit
700 1# - ADDED ENTRY--PERSONAL NAME
Personal name Fielder, Auriel
856 48 - ELECTRONIC LOCATION AND ACCESS
Uniform Resource Identifier <a href="http://www.propertyresearchtrust.org/uploads/1/3/4/8/134819607/british_woodlands.pdf">http://www.propertyresearchtrust.org/uploads/1/3/4/8/134819607/british_woodlands.pdf</a>
Public note Available from the Property Research Trust
942 ## - ADDED ENTRY ELEMENTS (KOHA)
Suppress in OPAC 0
Source of classification or shelving scheme Dewey Decimal Classification
Holdings
Withdrawn status Lost status Damaged status Not for loan Home library Current library Shelving location Date acquired Total Checkouts Date last seen Price effective from Koha item type
        Virtual Virtual Online 02/01/2024   02/01/2024 02/01/2024 Online material